Paál István 1942-1998
Elmentve itt :
| Szerzők: | |
|---|---|
| Dokumentumtípus: | Cikk |
| Megjelent: |
1998-02-18
|
| Sorozat: | Délmagyarország
88 No. 41 |
| Kulcsszavak: | Paál István, Szeged, Rendező nekrológ Szeged |
| Online Access: | http://dmarchiv.bibl.u-szeged.hu/84554 |
| LEADER | 00511nab a2200169 i 4500 | ||
|---|---|---|---|
| 001 | delm84554 | ||
| 005 | 20191025091314.0 | ||
| 008 | 191025s1998 hu o 0|| hun d | ||
| 040 | |a SZTE Délmagyarország Archívum |b hun | ||
| 041 | |a hun | ||
| 100 | 1 | |a Vági László | |
| 245 | 1 | 0 | |a Paál István 1942-1998 |h [elektronikus dokumentum] / |c Vági László |
| 260 | |c 1998-02-18 | ||
| 300 | |a 5 | ||
| 490 | 0 | |a Délmagyarország |v 88 No. 41 | |
| 695 | |a Paál István, Szeged, Rendező nekrológ Szeged | ||
| 700 | 0 | 1 | |a Paál István |e aut |